Stručný slovník památkové péče

Guardado en:
Detalles Bibliográficos
Autor principal: Vinter, Vlastimil
Formato: Libro
Lenguaje:checo
Publicado: Ústí nad Labem Krajské středisko státni památkové péče a ochrany přírody 1983
Etiquetas: Agregar Etiqueta
Sin Etiquetas, Sea el primero en etiquetar este registro!

MARC

LEADER 00000nam a2200000 4500
001 c116673
005 20150325111255.3
041 0 |a cze 
044 |a CZ 
245 1 0 |a Stručný slovník památkové péče  |c Vlastimil Vinter 
264 1 |a Ústí nad Labem  |b Krajské středisko státni památkové péče a ochrany přírody  |c 1983 
300 |a 127 s. 
100 1 |a Vinter, Vlastimil